États côtiers des USA - Mort subite - Statistiques

Statistiques générales
  • Ce quiz a été pris 1 786 fois
    803 depuis la dernière actualisation
  • Le résultat moyen est 9 sur 23
Answers on the Grid
Answers color-coded by a green-red scale on the quiz's grid according to % correct below.
New Hampshire
Washington
Oregon
Californie
Texas
Louisiane
Floride
Mississipi
Alabama
Géorgie
Caroline du Sud
Caroline du Nord
Virginie
Maryland
Delaware
New Jersey
Connecticut
Rhode Island
Massachussets
Maine
New York
Alaska
Hawaï
Nouveau Mexique
Virginie-occidentale
Michigan
Vermont
Nouveau Brunswick
Ontario
Alberta
Porto Rico
Montana
Durango
Wyoming
Lincoln
New England
Missouri
Idaho
Pennsylvanie
Charlotte
Orkney
Wisconsin
Nouvelle-Orléans
Géorgie du Sud
Dakota du Sud
 
Statistiques - réponses
Réponse % Correct
Floride
62%
Californie
59%
Hawaï
55%
Alaska
52%
New York
50%
Washington
48%
Rhode Island
46%
Texas
39%
Louisiane
38%
Caroline du Sud
37%
Maine
37%
Oregon
36%
Maryland
35%
New Jersey
35%
Caroline du Nord
34%
Massachussets
31%
Delaware
30%
Connecticut
27%
Virginie
26%
Géorgie
24%
New Hampshire
20%
Alabama
19%
Mississipi
18%
Aucun quiz correspondant
Distribution des résultats
% des personnes avec chaque résultat
Percentile par nombre de réponses
Votre historique - résultats
Vous n’avez pas pris ce quiz depuis la dernière actualisation